Law and procedure of departmental enquiries in private and public sectors / (Record no. 136405)

MARC details
000 -LEADER
fixed length control field 00754nam a2200217 4500
010 ## - LIBRARY OF CONGRESS CONTROL NUMBER
LC control number A-346348
020 ## - INTERNATIONAL STANDARD BOOK NUMBER
International Standard Book Number 8170123712
Terms of availability 440.00
035 ## - SYSTEM CONTROL NUMBER
System control number A-346348
037 ## - SOURCE OF ACQUISITION
Stock number Cen Lib/Ret
040 ## - CATALOGING SOURCE
Original cataloging agency DPL
Language of cataloging EN
082 ## - DEWEY DECIMAL CLASSIFICATION NUMBER
Classification number 658.312
Item number GHA
245 ## - TITLE STATEMENT
Title Law and procedure of departmental enquiries in private and public sectors /
Statement of responsibility, etc by B R Ghaiye
250 ## - EDITION STATEMENT
Remainder of edition statement 3rd ed
260 ## - PUBLICATION, DISTRIBUTION, ETC. (IMPRINT)
Place of publication, distribution, etc Lucknow
Name of publisher, distributor, etc Eastern Book Company
Date of publication, distribution, etc 1988
270 ## - ADDRESS
Address 34, lalbagh
City Lucknow
Postal code 22601
300 ## - PHYSICAL DESCRIPTION
Extent 2 v. ( v 1. 880 ; v 2. 881-1903 )
Other physical details 25cm.
Dimensions ill
500 ## - GENERAL NOTE
General note 2 v. ; v 1. Chapter 1-13 (available) ; v 2. Chapter 14-end (available).
650 ## - SUBJECT ADDED ENTRY--TOPICAL TERM
Topical term or geographic name as entry element Civil service -- India.
650 ## - SUBJECT ADDED ENTRY--TOPICAL TERM
Topical term or geographic name as entry element Labor laws and legislation -- India.
942 ## - ADDED ENTRY ELEMENTS (KOHA)
Source of classification or shelving scheme Dewey Decimal Classification
Koha item type English Books
Classification part 658.312
Call number suffix GHA
Holdings
Withdrawn status Lost status Materials specified (bound volume or other part) Damaged status Not for loan Collection code Home library Current library Date acquired Source of acquisition Cost, normal purchase price Total Checkouts Full call number Barcode Date last seen Copy number Cost, replacement price Price effective from Koha item type
    v.2   Not For Loan Reference Central Library Central Library 01/03/2016 Cen Lib/Ret 440.00   658.312 GHA A-346348 01/03/2016 2 440.00 01/03/2016 English Books
    v.1   Not For Loan Reference Central Library Central Library 01/03/2016 Cen Lib/Ret 440.00   658.312 GHA A-346347 01/03/2016 1 440.00 01/03/2016 English Books

© Delhi Public Library
Hit Counter
free hit counter